Thames Water Utilities Ltd v Hampstead Homes (London) Ltd (Record no. 71492)
[ view plain ]
| 000 -LEADER | |
|---|---|
| fixed length control field | 01357cam a2200229 4500 |
| 001 - CONTROL NUMBER | |
| control field | ABS66001 |
| 008 - FIXED-LENGTH DATA ELEMENTS--GENERAL INFORMATION | |
| fixed length control field | 021101n2002 000 0 eng u |
| 035 ## - SYSTEM CONTROL NUMBER | |
| System control number | (Sirsi) u120331 |
| 245 ## - TITLE STATEMENT | |
| Title | Thames Water Utilities Ltd v Hampstead Homes (London) Ltd |
| 260 ## - PUBLICATION, DISTRIBUTION, ETC. | |
| Date of publication, distribution, etc. | 2002 |
| 490 ## - SERIES STATEMENT | |
| Series statement | Estates Gazette |
| Volume/sequential designation | [2002] 43 EG 202 (CS) (26/10/02) |
| 490 ## - SERIES STATEMENT | |
| Series statement | Weekly Law Reports |
| Volume/sequential designation | [2003] 1 WLR 198-209(12) |
| 520 ## - SUMMARY, ETC. | |
| Summary, etc. | CA, 8 October 2002. Respondent builder (H) owned two buildings connected to mains water and sewage facilities. When H converted the buildings into flats, appellant (T) replaced existing pipes but H carried out connections into individual flats. H refused to pay T's infrastructure charges claiming T could not levy a charge under the Water Industry Act 1991 s146(2)(a) for premises already connected. The judge found in H's favour holding that the premises as a whole had been previously connected. T appealed. "Held": appeal allowed on the grounds that the converted premises placed an increased demand upon the water supply regardless of which party made the physical connection. |
| 590 ## - LOCAL NOTE (RLIN) | |
| Local note | ABS |
| 650 ## - SUBJECT ADDED ENTRY--TOPICAL TERM | |
| Topical term or geographic name entry element | CONVERSION |
| 650 ## - SUBJECT ADDED ENTRY--TOPICAL TERM | |
| Topical term or geographic name entry element | THAMES WATER UTILITIES V HAMPSTEAD HOMES |
| 650 ## - SUBJECT ADDED ENTRY--TOPICAL TERM | |
| Topical term or geographic name entry element | WATER SUPPLY |
| 650 ## - SUBJECT ADDED ENTRY--TOPICAL TERM | |
| Topical term or geographic name entry element | WATER PIPES |
| 650 ## - SUBJECT ADDED ENTRY--TOPICAL TERM | |
| Topical term or geographic name entry element | WATER INDUSTRY ACT 1991 |
| 690 ## - LOCAL SUBJECT ADDED ENTRY--TOPICAL TERM (OCLC, RLIN) | |
| Topical term or geographic name as entry element | BUILDING AND CONSTRUCTION-CASE LAW |
| 942 ## - ADDED ENTRY ELEMENTS (KOHA) | |
| Suppress in OPAC | 0 |
| Withdrawn status | Lost status | Source of classification or shelving scheme | Damaged status | Not for loan | Home library | Current library | Shelving location | Date acquired | Total Checkouts | Full call number | Barcode | Date last seen | Copy number | Price effective from | Koha item type |
|---|---|---|---|---|---|---|---|---|---|---|---|---|---|---|---|
| Dewey Decimal Classification | London | London | Journal article | 01/11/2002 | ABS66001 | 120331-1001 | 06/08/2019 | 1 | 06/08/2019 | Law report |